| 000 | 00657cas a2200217 a 4500 | ||
|---|---|---|---|
| 020 | _a9780307944689 | ||
| 040 | _dDLC | ||
| 082 | 1 | 0 |
_a428.0076 _214 |
| 245 | 0 | 0 |
_aCracking the TOEFL iBT _cDouglas Pierce, Sean Kinsell |
| 250 | _a13th ed. | ||
| 260 |
_aNew York, NY : _bRandom House _c2012 |
||
| 300 |
_av. : _bill. ; _c28 cm. |
||
| 500 | _aAccompanied by an audio CD. | ||
| 650 | 0 |
_aTest of English as a Foreign Language _vStudy guides |
|
| 650 | 0 |
_aEnglish language _vTextbooks for foreign speakers |
|
| 650 | 0 |
_aEnglish language _xExaminations |
|
| 710 | 2 | _aPrinceton Review (Firm) | |
| 942 |
_2ddc _cBK |
||
| 999 |
_c11388 _d11388 |
||